000 00659nam a2200289Ia 4500
005 20260324135150.0
008 008 260324s9999 xx 000 0 eng d
020 _a9780203905289
037 _aEBOOK
040 _aCRL
040 _beng
040 _cCRL
041 _2eng
041 _aeng
084 _qCRL
100 _aPenelope Prentice
_91199578
245 4 _aThe Pinter Ethic
245 4 _bThe Erotic Aesthetic
260 _bTaylor and Francis
260 _c2000
365 _a
365 _b230
856 _uhttp://www.taylorfrancis.com/books/9780203905289
942 _cEBOOK
999 _c1800374
_d1800374